| 000 | 00552nam a22001577a 4500 | ||
|---|---|---|---|
| 020 | _qHard Cover. | ||
| 082 | _a004 | ||
| 100 | _aMuhammad Farhan Maqsood. | ||
| 245 |
_aImplementation and usability evaluation of mobile educational applications for children / _cMuhammad Farhan Maqsood. |
||
| 260 |
_aIslamabad: _bMCS - NUST, _c2016. |
||
| 300 |
_a120 p. : _bill. ; _c30cm. |
||
| 650 |
_aComputer Software Engineering MS-Thesis. _916105 |
||
| 700 |
_aDr. Fahim Arif _920941 |
||
| 942 |
_2ddc _cTHE |
||
| 999 |
_c541017 _d541017 |
||